00391nam a2200145Ia 4500003000400000008004100004040001600045082002000061100001900081245005300100260003800153300001000191650001300201650003100214GCL140319s9999 xx 000 0 eng d aGCL / cGCL04aCCb299.31bM R1 aMERCER, SAMUEL10aTHE RELIGION OF ANCIENT EGYPT / cMERCER, SAMUEL a[S.N] : bLUZAC&COMPANG ، c1949 a460 P04aRELIGION04aANCIENT EGYPTIAN, RELIGION